[Event "66th ch-RUS HL w 2016"]
[Site "Kolomna RUS"]
[Date "2016.06.27"]
[Round "5.3"]
[White "Charochkina, Daria"]
[Black "Kovalevskaya, Ekaterina"]
[Result "0-1"]
[WhiteTitle "IM"]
[BlackTitle "IM"]
[WhiteElo "2359"]
[BlackElo "2466"]
[WhiteFideId "4180917"]
[BlackFideId "4116704"]
[EventDate "2016.06.22"]

1. e4 c5 2. Nf3 Nc6 3. Bb5 g6 4. O-O Bg7 5. Nc3 e5 6. d3 Nge7 7. Nd5 O-O 8. Bg5
f6 9. Be3 Nxd5 10. Bc4 Ne7 11. Bxc5 d6 12. Ba3 Be6 13. exd5 Bxd5 14. Nd2 Bf7 15.
Bxf7+ Rxf7 16. d4 d5 17. dxe5 fxe5 18. c4 Nf5 19. Qg4 Nd4 20. Rad1 Rf4 21. Qh3
Rh4 22. Qe3 Nc2 23. Qd3 Nxa3 24. Qxa3 Rd4 25. c5 e4 26. Nb1 Qe7 27. Nc3 Rxd1 28.
Rxd1 d4 29. Nb5 Kh8 30. Nd6 e3 31. Qb3 exf2+ 32. Kf1 Rf8 33. Qxb7 Qh4 34. Qd5 h6
35. h3 Qf4 36. g4 Qg3 37. Qg2 Qe3 38. c6 d3 39. Qe4 Qxh3+ 40. Qg2 Qe3 41. Qe4
Qg3 0-1

[Event "66th ch-RUS HL w 2016"]
[Site "Kolomna RUS"]
[Date "2016.06.27"]
[Round "5.4"]
[White "Vasilevich, Tatjana"]
[Black "Gritsayeva, Oksana"]
[Result "1-0"]
[WhiteTitle "IM"]
[BlackTitle "WFM"]
[WhiteElo "2367"]
[BlackElo "2336"]
[WhiteFideId "14101610"]
[BlackFideId "14104652"]
[EventDate "2016.06.22"]

1. d4 g6 2. c4 Bg7 3. Nc3 c5 4. d5 Bxc3+ 5. bxc3 f5 6. e4 fxe4 7. f3 Nf6 8. fxe4
Qa5 9. Qc2 d6 10. Nf3 Nbd7 11. Bd3 Ng4 12. O-O Nde5 13. Bf4 Qc7 14. Bxe5 dxe5
15. Qd2 h6 16. h3 Nf6 17. Qf2 Bd7 18. Qg3 O-O-O 19. Qxe5 Qxe5 20. Nxe5 Be8 21.
Rae1 g5 22. g3 Kc7 23. Kg2 Rd6 24. Bb1 Ra6 25. Nd3 Nd7 26. e5 Bg6 27. Re2 Rg8
28. e6 Bxd3 29. Bxd3 Nb6 30. Rf7 Kd6 31. Kf3 Ra3 32. Rc2 Ra4 33. Rb2 Ra3 34. Rc2
Na4 35. Kg4 Nxc3 36. Bh7 Rb8 37. Rf3 Rh8 38. Bf5 Nb1 39. Rxa3 Nxa3 40. Rc3 Nxc4
41. Rxc4 b5 42. Rc2 Kxd5 43. Rd2+ Ke5 44. Rd7 Kf6 45. Rd5 h5+ 46. Kf3 Rc8 47.
Ke2 Rc6 48. Be4 Ra6 49. Rxc5 Rxa2+ 50. Ke3 Ra3+ 51. Bd3 h4 52. Rxb5 hxg3 53.
Rf5+ Kxe6 54. Rxg5 Kf6 55. Rxg3 Ra4 56. Rg6+ Kf7 57. Rh6 a5 58. h4 e5 59. h5 Rh4
60. Be2 a4 61. Ra6 Kg7 62. Re6 e4 63. Rg6+ Kh7 64. Ra6 a3 65. Kd2 Rh3 66. Ra4
Kg7 67. Rxe4 Rh1 68. Ra4 Rh3 69. Ra6 Kh7 70. Bd3+ Kg7 71. Be2 Kh7 72. Bd3+ Kg7
73. Ra7+ Kf6 74. Ra5 Kg7 75. Be2 Kh6 76. Ra6+ Kg7 77. Ke1 Kh7 78. Kf1 Kg7 79.
Kg2 Re3 80. Bf3 Rc3 81. Kg3 Kh8 82. Kf4 Rc4+ 83. Kg5 Rc8 84. Rxa3 Rb8 85. Be4
Rb5+ 86. Bf5 Rb8 87. Kh6 Rb6+ 88. Bg6 Rb8 89. Ra7 Rf8 90. Rh7+ Kg8 91. Rg7+ Kh8
92. Bf7 1-0

[Event "66th ch-RUS HL w 2016"]
[Site "Kolomna RUS"]
[Date "2016.06.27"]
[Round "5.5"]
[White "Nechaeva, Marina"]
[Black "Schepetkova, Margarita"]
[Result "1-0"]
[WhiteTitle "IM"]
[BlackTitle "WIM"]
[WhiteElo "2425"]
[BlackElo "2355"]
[WhiteFideId "4149351"]
[BlackFideId "4189949"]
[EventDate "2016.06.22"]

1. d4 d5 2. c4 c6 3. Nf3 Nf6 4. e3 Bg4 5. Nc3 e6 6. h3 Bh5 7. g4 Bg6 8. Ne5 Nbd7
9. Nxg6 hxg6 10. a3 g5 11. Bd2 Be7 12. Qf3 g6 13. b3 Kf8 14. Bg2 Kg7 15. Qe2 Qf8
16. e4 dxe4 17. Bxg5 Bxa3 18. O-O Nh7 19. Bd2 f5 20. f3 Bb2 21. Bh6+ Kxh6 22.
Qxb2 exf3 23. Rxf3 Qd6 24. Qd2+ Kg7 25. Qe3 Nhf6 26. c5 Qc7 27. Qxe6 Rae8 28.
Qd6 Qxd6 29. cxd6 fxg4 30. hxg4 Ne4 31. Nxe4 Rxe4 32. Raf1 Rxd4 33. Rf7+ Kh6 34.
Rxd7 Re8 35. Rxb7 Rxd6 36. Rxa7 Rb8 37. Rf3 Kg5 38. Ra4 Rd2 39. Re4 Ra8 40. Rf2
Ra1+ 41. Bf1 Rd3 42. Kg2 Rxb3 43. Be2 Raa3 44. Re5+ Kh4 45. Rf8 Rg3+ 46. Kf2
Rxg4 47. Rh8# 1-0

[Event "66th ch-RUS HL w 2016"]
[Site "Kolomna RUS"]
[Date "2016.06.27"]
[Round "5.6"]
[White "Belenkaya, Dina"]
[Black "Kashlinskaya, Alina"]
[Result "0-1"]
[WhiteTitle "WFM"]
[BlackTitle "IM"]
[WhiteElo "2299"]
[BlackElo "2467"]
[WhiteFideId "24142654"]
[BlackFideId "4198026"]
[EventDate "2016.06.22"]

1. e4 e6 2. d4 d5 3. Nd2 c5 4. exd5 Qxd5 5. dxc5 Bxc5 6. Ngf3 Nf6 7. Bc4 Qc6 8.
Qe2 O-O 9. O-O a6 10. a4 Nbd7 11. Nb3 Bd6 12. Rd1 Re8 13. a5 Qc7 14. h3 h6 15.
Be3 e5 16. Nh4 Nf8 17. Qd3 Be7 18. Bb6 Qc6 19. Nd2 Be6 20. Nf5 Bb4 21. Bxe6 Nxe6
22. c3 Bf8 23. Qf3 Nd5 24. Ne3 Nef4 25. Nxd5 Nxd5 26. Qe4 Qe6 27. Nc4 Nf6 28.
Qe2 Rac8 29. Ne3 Qc6 30. c4 Nd7 31. Nd5 Qxc4 32. Qxc4 Rxc4 33. Nc7 Re7 34. Nd5
Re6 35. Nc7 Rd6 36. Rxd6 Bxd6 37. Rd1 Rc6 38. Ne8 Nxb6 39. Nxd6 Nc4 40. Nxb7
Nxb2 41. Rd8+ Kh7 42. Rd7 f6 43. Nd8 Rc1+ 44. Kh2 Rd1 45. Rxd1 Nxd1 46. Ne6 Nb2
47. Nc5 h5 48. Nxa6 Nc4 49. Nc5 Nxa5 50. h4 Kg6 51. Kg3 Kf5 52. Kf3 Nc6 53. Ke3
Nd4 54. f3 Nc2+ 55. Kf2 Nb4 56. Ke3 Nd5+ 57. Kf2 Nf4 58. g3 Nd5 59. Ke2 Nb4 60.
Kf2 Kg6 61. Ke3 f5 62. Nd7 Nc6 63. Kd3 Kf7 64. Nc5 Ke7 65. Ke3 Kd6 66. Nd3 Kd5
67. Nf2 Nd4 68. Nd3 Nxf3 69. Kxf3 e4+ 70. Ke3 exd3 71. Kxd3 Ke5 72. Ke3 f4+ 73.
gxf4+ Kf5 74. Kf3 g6 75. Ke3 Kg4 76. Ke4 Kxh4 77. f5 gxf5+ 78. Kf4 Kh3 79. Kf3
h4 80. Kf2 Kg4 81. Kg2 Kf4 82. Kf2 h3 0-1

[Event "66th ch-RUS HL w 2016"]
[Site "Kolomna RUS"]
[Date "2016.06.27"]
[Round "5.7"]
[White "Maltsevskaya, Aleksandra"]
[Black "Shuvalova, Polina"]
[Result "1/2-1/2"]
[BlackTitle "WFM"]
[WhiteElo "2285"]
[BlackElo "2409"]
[WhiteFideId "24174041"]
[BlackFideId "24171760"]
[EventDate "2016.06.22"]

1. e4 e5 2. Nf3 Nc6 3. Bb5 a6 4. Ba4 Nf6 5. O-O b5 6. Bb3 Bb7 7. d3 Be7 8. Nc3
O-O 9. a3 d6 10. Bd2 Qd7 11. Ne2 d5 12. Ng3 dxe4 13. dxe4 Rad8 14. Bc3 Qg4 15.
Qe1 Bc5 16. Kh1 Bb6 17. Nxe5 Nxe5 18. Bxe5 Nxe4 19. Nxe4 Qxe4 20. Qxe4 Bxe4 21.
f3 Bf5 22. a4 Rfe8 23. Bg3 Kf8 24. axb5 axb5 25. Rfe1 Rd2 26. Rxe8+ Kxe8 27.
Re1+ Kd8 28. Bf4 Rd7 29. h3 c5 30. c4 bxc4 31. Ba4 Re7 32. Rd1+ Kc8 33. Bb5 Kb7
34. Bxc4 Bc7 35. Bxc7 Kxc7 36. Kg1 Be6 37. Re1 Kd6 38. Rd1+ Kc7 39. Re1 Kd6 40.
Rd1+ Kc7 41. Re1 1/2-1/2

[Event "66th ch-RUS HL w 2016"]
[Site "Kolomna RUS"]
[Date "2016.06.27"]
[Round "5.8"]
[White "Savina, Anastasia"]
[Black "Khokhlova, Daria"]
[Result "1-0"]
[WhiteTitle "IM"]
[WhiteElo "2384"]
[BlackElo "2214"]
[WhiteFideId "4196872"]
[BlackFideId "24182729"]
[EventDate "2016.06.22"]

1. Nf3 g6 2. c4 Bg7 3. Nc3 Nf6 4. e4 d6 5. d4 O-O 6. Be2 e5 7. Be3 c6 8. dxe5
dxe5 9. Nd2 Qe7 10. c5 Rd8 11. O-O Be6 12. h3 Nbd7 13. b4 b6 14. Na4 b5 15. Nc3
a5 16. a3 Nf8 17. Qc2 a4 18. Rad1 h6 19. Qc1 g5 20. Nf3 N6h7 21. Rxd8 Rxd8 22.
Rd1 Ng6 23. Rxd8+ Qxd8 24. Qd2 Qc8 25. Bf1 f6 26. Ne2 Nf4 27. Ng3 Bf8 28. Nh2
Be7 29. Qd1 Nf8 30. Ng4 Kh7 31. Bxf4 exf4 32. Nf5 Bxf5 33. exf5 Qd7 34. Bd3 Qc7
35. Qe2 h5 36. Nh2 Kh6 37. Nf3 Qd7 38. Qe4 Bd8 39. Nd4 Bc7 40. Ne6 Nh7 41. Nxc7
Qxc7 42. Qe8 Kg7 43. Be4 f3 44. Bxc6 Nf8 45. Bxf3 g4 46. hxg4 hxg4 47. Bd5 1-0

[Event "66th ch-RUS HL w 2016"]
[Site "Kolomna RUS"]
[Date "2016.06.27"]
[Round "5.9"]
[White "Dordzhieva, Dinara"]
[Black "Kovanova, Baira"]
[Result "0-1"]
[WhiteTitle "WIM"]
[BlackTitle "WGM"]
[WhiteElo "2296"]
[BlackElo "2382"]
[WhiteFideId "24157570"]
[BlackFideId "4164083"]
[EventDate "2016.06.22"]

1. Nf3 Nf6 2. c4 e6 3. g3 d5 4. Bg2 Be7 5. O-O O-O 6. d4 dxc4 7. Ne5 c5 8. dxc5
Qc7 9. Nxc4 Qxc5 10. b3 Rd8 11. Nbd2 Nc6 12. Ba3 Nb4 13. e3 e5 14. Qf3 Qc7 15.
h3 Rb8 16. Ne4 Nfd5 17. Qh5 f6 18. Rac1 Be6 19. Qe2 f5 20. Nxe5 Qa5 21. Nc4 Qa6
22. Bxb4 Nxb4 23. Nc3 Bf6 24. a4 Nd3 25. Rcd1 Nxf2 26. Rxd8+ Rxd8 27. Nb5 Ne4
28. Kh2 Nc3 29. Nxc3 Bxc3 30. Qf3 b5 31. axb5 Qxb5 32. e4 Qxb3 33. Rc1 Qxc4 34.
exf5 Rd3 35. Qe2 Bf7 36. Bf1 Rd4 37. Qc2 Qxf1 38. Rxf1 Rd2+ 39. Qxd2 Bxd2 40.
Rb1 Be8 41. Rb2 Bc3 42. Rb3 Bd4 43. Rb4 Bc5 44. Rc4 Bb6 45. Rb4 Kf7 46. g4 Bc5
47. Rb7+ Kf8 48. g5 a5 49. Kg3 a4 50. Kg4 a3 51. Rb8 Ke7 52. f6+ gxf6 53. gxf6+
Kf7 54. Kf5 Bc6 55. Rb1 Bd4 0-1

[Event "66th ch-RUS HL w 2016"]
[Site "Kolomna RUS"]
[Date "2016.06.27"]
[Round "5.10"]
[White "Severina, Maria"]
[Black "Solozhenkina, Elizaveta"]
[Result "0-1"]
[WhiteTitle "WIM"]
[BlackTitle "WFM"]
[WhiteElo "2330"]
[BlackElo "2123"]
[WhiteFideId "4116909"]
[BlackFideId "34106615"]
[EventDate "2016.06.22"]

1. d4 Nf6 2. c4 g6 3. Nc3 d5 4. e3 Bg7 5. Qb3 e6 6. Nf3 O-O 7. Be2 Ne4 8. cxd5
Nxc3 9. bxc3 exd5 10. Ba3 Re8 11. c4 c5 12. Bxc5 Na6 13. Bb4 dxc4 14. Bxc4 Be6
15. O-O Rc8 16. Rac1 Rxc4 17. Rxc4 b5 18. Qa3 Bxc4 19. Qxa6 Bxf1 20. Kxf1 Qb6
21. Qa3 Qc7 22. Bc5 a5 23. h4 Bf8 24. Bxf8 Rxf8 25. Ne5 Rc8 26. Ke2 b4 27. Qd3
Qc2+ 28. Qd2 a4 29. Nd3 b3 30. axb3 Qxb3 31. Nc5 Qb5+ 32. Kf3 a3 33. h5 gxh5 34.
e4 Qc6 35. Nd3 f5 36. Nc5 fxe4+ 37. Ke2 Qb5+ 38. Ke1 Qb1+ 39. Ke2 Qb2 0-1

[Event "66th ch-RUS HL w 2016"]
[Site "Kolomna RUS"]
[Date "2016.06.27"]
[Round "5.11"]
[White "Travkina, Anastasia"]
[Black "Ubiennykh, Ekaterina"]
[Result "1/2-1/2"]
[WhiteTitle "WFM"]
[BlackTitle "WIM"]
[WhiteElo "2267"]
[BlackElo "2324"]
[WhiteFideId "24129151"]
[BlackFideId "4137582"]
[EventDate "2016.06.22"]

1. e4 c6 2. d4 d5 3. Nc3 dxe4 4. Nxe4 Bf5 5. Ng3 Bg6 6. Nf3 Nd7 7. Bd3 Bxd3 8.
Qxd3 e6 9. O-O Ngf6 10. Re1 Be7 11. b3 O-O 12. Bb2 Qa5 13. c4 Rfd8 14. Qc2 Nf8
15. Ne5 Ba3 16. Rad1 Bxb2 17. Qxb2 c5 18. d5 exd5 19. Nf5 Re8 20. cxd5 Nxd5 21.
Qa1 Nf6 22. Nd6 Re7 23. Nf5 Re6 24. Nd6 Rd8 25. Nexf7 Rxe1+ 26. Rxe1 Rd7 27. Nc4
Qc7 28. Nh6+ Kh8 29. Nf5 Qf4 30. Qe5 Qxe5 31. Nxe5 Rd2 32. h3 Ng6 33. Ng4 Kg8
34. Nxf6+ gxf6 35. Re8+ Kf7 36. Rb8 Ke6 37. Ng7+ Ke5 38. Re8+ Kd4 39. Ne6+ Kc3
40. Nxc5 Rxa2 41. Re3+ Kb4 42. Nxb7 Rd2 43. Re4+ Kxb3 44. Nc5+ Kc2 45. Ra4 Rd5
46. Ne4 a5 47. Nxf6 Rf5 48. Nxh7 Kb3 49. g4 Rc5 50. Re4 a4 51. Re6 Nf4 52. Rb6+
Kc4 53. Ra6 Kb4 54. Nf6 a3 55. Ne4 Ra5 56. Rb6+ Kc4 57. Nd2+ Kd3 58. Nb3 a2 59.
Nc1+ Ke4 60. Rb4+ Ke5 61. Nxa2 Rxa2 62. Rb3 Ke4 63. Rb4+ Ke5 64. Rb3 Rd2 65.
Re3+ Kf6 66. h4 Rc2 67. Ra3 Rd2 68. Rf3 Ke5 1/2-1/2

[Event "66th ch-RUS HL w 2016"]
[Site "Kolomna RUS"]
[Date "2016.06.27"]
[Round "5.12"]
[White "Zaiatz, Elena"]
[Black "Sukhareva, Evgeniya"]
[Result "1/2-1/2"]
[WhiteTitle "IM"]
[WhiteElo "2344"]
[BlackElo "2156"]
[WhiteFideId "4139518"]
[BlackFideId "4167155"]
[EventDate "2016.06.22"]

1. d4 d5 2. c4 e6 3. Nc3 Nf6 4. cxd5 exd5 5. Bg5 c6 6. e3 Be7 7. Qc2 Nbd7 8. Bd3
Nh5 9. Bxe7 Qxe7 10. O-O-O Nb6 11. Kb1 g6 12. h3 Be6 13. Nf3 O-O-O 14. Na4 Nxa4
15. Qxa4 Kb8 16. Rc1 Ng7 17. g4 h5 18. Ne5 hxg4 19. hxg4 Rxh1 20. Rxh1 Rc8 21.
f4 Ne8 22. f5 gxf5 23. gxf5 Bd7 24. Rh7 Nd6 25. Qc2 Rg8 26. Qh2 Ka8 27. Rh8 Rxh8
28. Qxh8+ Bc8 29. f6 Qe6 30. a3 Kb8 31. Be2 Kc7 32. Ka2 Qe8 33. Qg7 Be6 34. Bh5
Kc8 35. b3 Nf5 36. Qg5 Nd6 37. Qg7 Nf5 38. Qg5 Nd6 39. Qg7 Nf5 40. Qg5 Nd6 41.
Qg7 1/2-1/2

[Event "66th ch-RUS HL w 2016"]
[Site "Kolomna RUS"]
[Date "2016.06.27"]
[Round "5.13"]
[White "Styazhkina, Anna"]
[Black "Khazieva, Elza"]
[Result "1-0"]
[WhiteTitle "WIM"]
[BlackTitle "WFM"]
[WhiteElo "2297"]
[BlackElo "2128"]
[WhiteFideId "24119300"]
[BlackFideId "4100166"]
[EventDate "2016.06.22"]

1. e4 c5 2. Nf3 e6 3. d4 cxd4 4. Nxd4 a6 5. Bd3 Bc5 6. Nb3 Ba7 7. Nc3 Nc6 8. Qe2
d6 9. Be3 Nge7 10. O-O-O b5 11. Bxa7 Rxa7 12. f4 b4 13. Na4 Na5 14. e5 Nxb3+ 15.
axb3 Nd5 16. f5 dxe5 17. Qxe5 Qg5+ 18. Kb1 O-O 19. Nc5 Qe3 20. Ne4 Qf4 21. Qd4
Qe3 22. Bc4 Qxd4 23. Rxd4 Ne3 24. fxe6 Bxe6 25. Bxe6 fxe6 26. g3 Rc7 27. Rc1
Nxc2 28. Rd2 Na3+ 29. bxa3 Rxc1+ 30. Kxc1 bxa3 31. Kb1 1-0

[Event "66th ch-RUS HL w 2016"]
[Site "Kolomna RUS"]
[Date "2016.06.27"]
[Round "5.14"]
[White "Maslova, Polina"]
[Black "Samdanova, Surena"]
[Result "1-0"]
[WhiteTitle "WFM"]
[WhiteElo "2249"]
[BlackElo "2060"]
[WhiteFideId "24178772"]
[BlackFideId "24136646"]
[EventDate "2016.06.22"]

1. e4 c6 2. Nc3 d5 3. Nf3 dxe4 4. Nxe4 Nf6 5. Nxf6+ exf6 6. d4 Bd6 7. Bd3 O-O 8.
O-O Bg4 9. b3 Na6 10. c3 Qc7 11. h3 Bh5 12. Bb2 Rfe8 13. Bf5 Qa5 14. Qd3 g6 15.
Bg4 Bxg4 16. hxg4 h5 17. Nd2 Qd5 18. c4 Nb4 19. Qc3 Qg5 20. Nf3 Qf4 21. gxh5 g5
22. g3 Qf5 23. d5 Be7 24. Nd4 Qh7 25. a3 Nd3 26. dxc6 Nxb2 27. Qxb2 Qxh5 28.
cxb7 Rab8 29. Qe2 g4 30. Rfe1 Rxb7 31. Nc6 Kf8 32. b4 f5 33. Rad1 Rb6 34. b5 Rb7
35. Rd5 Kg7 36. Qf1 Rh8 37. Qg2 Bxa3 38. Nd4 Qh7 39. Nxf5+ Kf6 40. Nh4 Re7 41.
Rxe7 Bxe7 42. Rf5+ Kg7 43. Qb7 Kf8 44. Qb8+ Kg7 45. Qe5+ Kf8 46. Ng6+ Qxg6 47.
Qxh8+ Qg8 48. Qxg8+ Kxg8 49. Rf4 Bf8 1-0

[Event "66th ch-RUS HL w 2016"]
[Site "Kolomna RUS"]
[Date "2016.06.27"]
[Round "5.15"]
[White "Baraeva, Marina"]
[Black "Mukhina, Jana"]
[Result "1/2-1/2"]
[WhiteTitle "WIM"]
[WhiteElo "2216"]
[BlackElo "2017"]
[WhiteFideId "24142573"]
[BlackFideId "34115428"]
[EventDate "2016.06.22"]

1. d4 Nf6 2. c4 e6 3. Nc3 Bb4 4. Qc2 d5 5. a3 Bxc3+ 6. Qxc3 Ne4 7. Qc2 c5 8.
dxc5 Nc6 9. Nf3 Qa5+ 10. Bd2 Qxc5 11. e3 Nxd2 12. Nxd2 O-O 13. Bd3 h6 14. b4 Qe7
15. O-O a6 16. Nf3 dxc4 17. Qxc4 e5 18. Rac1 Kh8 19. Nh4 Qg5 20. g3 Be6 21. Qc2
Rac8 22. Qb1 Rfd8 23. Rc5 Qe7 24. Rfc1 Na7 25. Nf3 b6 26. R5c3 Rxc3 27. Rxc3 Bd5
28. Nh4 Nb5 29. Bxb5 axb5 30. e4 Bc4 31. Nf5 Qd7 32. Kg2 Qd2 33. Re3 Kh7 34. Qa1
g6 35. Nh4 Qd4 36. Qe1 Qd6 37. Nf3 f6 38. Qc3 Rc8 39. Qd2 Qe7 40. Re1 Rd8 41.
Qe3 Qb7 42. Qc1 Qd7 43. Qe3 Qb7 44. Qc1 Qd7 45. Qe3 1/2-1/2

[Event "66th ch-RUS HL w 2016"]
[Site "Kolomna RUS"]
[Date "2016.06.27"]
[Round "5.16"]
[White "Korchagina, Alena"]
[Black "Diakonova, Ekaterina"]
[Result "1/2-1/2"]
[WhiteTitle "WFM"]
[WhiteElo "2091"]
[BlackElo "2212"]
[WhiteFideId "24173452"]
[BlackFideId "24172936"]
[EventDate "2016.06.22"]

1. Nf3 Nf6 2. c4 g6 3. Nc3 Bg7 4. e4 d6 5. d4 O-O 6. Be2 e5 7. O-O Nc6 8. d5 Ne7
9. Nd2 a5 10. a3 Bd7 11. b3 Be8 12. Rb1 Nd7 13. b4 axb4 14. axb4 f5 15. Qc2 g5
16. exf5 Nxf5 17. Bd3 Bg6 18. Bxf5 Bxf5 19. Nde4 g4 20. Qe2 Qe8 21. Bg5 h6 22.
Bh4 Qg6 23. Ra1 Bf6 24. Bxf6 Nxf6 25. Nxf6+ Qxf6 26. c5 h5 27. Nb5 Qe7 28. Qe3
Kh7 29. Nd4 Qf7 30. Nxf5 Qxf5 31. Rxa8 Rxa8 32. cxd6 cxd6 33. Qb6 Qd7 34. Rc1 h4
35. Qc7 Qxc7 36. Rxc7+ Kg6 37. Kf1 b5 38. Rc6 Ra1+ 39. Ke2 Kf5 40. Rxd6 Ra2+ 41.
Ke3 Ra3+ 42. Ke2 h3 43. gxh3 Rxh3 44. Rb6 Rxh2 45. d6 Ke6 46. Ke3 Rh3+ 47. Ke4
Rf3 48. Rxb5 Rf4+ 49. Ke3 Kxd6 50. Rb8 Rf3+ 51. Ke2 Rb3 52. b5 Kc5 53. Rg8 Rb4
54. Rg5 Kd5 55. b6 Rxb6 1/2-1/2

[Event "66th ch-RUS HL w 2016"]
[Site "Kolomna RUS"]
[Date "2016.06.27"]
[Round "5.17"]
[White "Potapova, Margarita"]
[Black "Chernyak, Viktoria"]
[Result "0-1"]
[WhiteTitle "WFM"]
[BlackTitle "WFM"]
[WhiteElo "2061"]
[BlackElo "2196"]
[WhiteFideId "14126869"]
[BlackFideId "24165956"]
[EventDate "2016.06.22"]

1. e4 c5 2. Nf3 Nc6 3. Bb5 e6 4. Bxc6 bxc6 5. O-O Ne7 6. d3 Ng6 7. Qe2 Be7 8. b3
O-O 9. Bb2 d6 10. d4 cxd4 11. Nxd4 Qb6 12. c4 a5 13. Rd1 Ba6 14. Qe3 Bf6 15. Nc3
Rfd8 16. Rac1 h6 17. g3 c5 18. Nde2 Qc6 19. Na4 Be7 20. Qc3 Bf8 21. Qe3 Bb7 22.
Nec3 Be7 23. h4 Ne5 24. Re1 f5 25. f3 Rf8 26. Rf1 Rae8 27. Nb5 fxe4 28. Bxe5
exf3 29. Rf2 dxe5 30. Qxe5 Rf5 31. Qe3 Rd8 32. Re1 Rf6 33. Nac3 Rg6 34. Kh2 Bd6
35. Rg1 Bb8 36. Na4 Rc8 37. Kh3 h5 38. Nb2 e5 39. Nd3 Qe6+ 40. Kh2 e4 41. Nxc5
Qg4 42. Kh1 Bxg3 43. Rh2 f2 44. Nxb7 fxg1=Q+ 45. Qxg1 Bxh2 46. Qxg4 Rxg4 47.
Kxh2 e3 0-1

[Event "66th ch-RUS HL w 2016"]
[Site "Kolomna RUS"]
[Date "2016.06.27"]
[Round "5.18"]
[White "Lysenko, Margarita"]
[Black "Lingur, Zalina"]
[Result "0-1"]
[WhiteTitle "WFM"]
[BlackTitle "WFM"]
[WhiteElo "2097"]
[BlackElo "2182"]
[WhiteFideId "34100200"]
[BlackFideId "34165670"]
[EventDate "2016.06.22"]

1. d4 Nf6 2. c4 e6 3. Nc3 c5 4. dxc5 Bxc5 5. Nf3 O-O 6. e3 Nc6 7. a3 d5 8. b4
Bb6 9. c5 Bc7 10. Bb2 e5 11. b5 Ne7 12. Be2 Nf5 13. g4 d4 14. gxf5 dxc3 15. Bxc3
Nd5 16. Bxe5 Ba5+ 17. Kf1 Bxf5 18. h4 Qd7 19. Kg2 Rfe8 20. Bd4 Be4 21. Rh3 Bc7
22. Rh1 Rad8 23. Kf1 Qf5 24. Rc1 Ba5 25. Rg1 Qh3+ 26. Rg2 Nc3 27. Rxc3 Bxc3 28.
Kg1 Rxd4 29. exd4 Bxf3 30. Rg3 Qh1# 0-1

[Event "66th ch-RUS HL w 2016"]
[Site "Kolomna RUS"]
[Date "2016.06.27"]
[Round "5.19"]
[White "Rodionova, Polina"]
[Black "Matiukova, Uliana"]
[Result "1/2-1/2"]
[WhiteTitle "WFM"]
[WhiteElo "1981"]
[BlackElo "2179"]
[WhiteFideId "24102555"]
[BlackFideId "34100579"]
[EventDate "2016.06.22"]

1. e4 c5 2. Nf3 d6 3. Bb5+ Nd7 4. O-O a6 5. Bd3 b5 6. c3 Bb7 7. Bc2 Ngf6 8. Re1
c4 9. a4 e5 10. d3 cxd3 11. Bxd3 Be7 12. axb5 axb5 13. Rxa8 Qxa8 14. Qe2 O-O 15.
b4 Rc8 16. Nfd2 d5 17. f3 Qa7+ 18. Kh1 d4 19. Bb2 Qa2 20. Nf1 dxc3 21. Bxc3 Qxe2
22. Rxe2 Bc6 23. Rc2 Ra8 24. Kg1 Kf8 25. Ng3 g6 26. Ne2 Bd6 27. Nc1 Nb8 28. Bf1
Ra4 29. Nd3 Nfd7 30. Nd2 Ra3 31. Nb1 Ra4 32. Nd2 Ra3 33. Nb1 Ra4 1/2-1/2

[Event "66th ch-RUS HL w 2016"]
[Site "Kolomna RUS"]
[Date "2016.06.27"]
[Round "5.20"]
[White "Ustich, Ekaterina"]
[Black "Alekseeva, Irina"]
[Result "1/2-1/2"]
[WhiteElo "2007"]
[BlackElo "2161"]
[WhiteFideId "24179221"]
[BlackFideId "24178683"]
[EventDate "2016.06.22"]

1. e4 c5 2. Nf3 e6 3. d4 cxd4 4. Nxd4 Nf6 5. Nc3 a6 6. Bd3 Qc7 7. O-O h5 8. h3
Bc5 9. Be3 b5 10. a3 Qb6 11. Nce2 Nc6 12. c3 e5 13. Nf5 g6 14. b4 Bxe3 15. Nxe3
Ne7 16. c4 Bb7 17. cxb5 axb5 18. Nc3 Bc6 19. Qe2 Rb8 20. a4 bxa4 21. b5 Bb7 22.
Nxa4 Qd4 23. Nc2 Qd6 24. Rfd1 O-O 25. b6 Nc8 26. Qe3 Qe7 27. Nc3 Bc6 28. Rab1
Qd8 29. Nd5 Bxd5 30. exd5 d6 31. b7 Ne7 32. Bc4 Qc7 33. Qb3 Ne4 34. Na3 Nc5 35.
Qb6 Rxb7 36. Qxc7 Rxc7 37. Rb6 Ne4 38. f3 Nc3 39. Rd3 Ne2+ 40. Kh2 Nf4 41. Rd2
Ra8 42. Rxd6 Kg7 43. Rb6 Rxa3 44. d6 Rxc4 45. dxe7 Ra8 46. Rd8 Ra2 47. Rg8+ Kxg8
48. e8=Q+ Kg7 49. Qxe5+ Kh7 50. Rb2 Rxb2 51. Qxb2 Ne6 1/2-1/2

[Event "66th ch-RUS HL w 2016"]
[Site "Kolomna RUS"]
[Date "2016.06.27"]
[Round "5.21"]
[White "Bocharova, Ulyana"]
[Black "Drogovoz, Irina"]
[Result "1/2-1/2"]
[BlackTitle "WIM"]
[WhiteElo "1894"]
[BlackElo "2143"]
[WhiteFideId "24174513"]
[BlackFideId "4176715"]
[EventDate "2016.06.22"]

1. c4 e5 2. Nc3 Nf6 3. g3 d5 4. cxd5 Nxd5 5. Bg2 Nb6 6. Nf3 Nc6 7. d3 Be7 8. O-O
O-O 9. a3 Be6 10. b4 a6 11. Bb2 f5 12. Na4 Nxa4 13. Qxa4 Bf6 14. Rac1 Qe8 15.
Qc2 Rd8 16. Nd2 Rd6 17. Nc4 Bxc4 18. Qxc4+ Kh8 19. a4 e4 20. Bxf6 Rfxf6 21. b5
Nd4 22. dxe4 axb5 23. axb5 fxe4 24. Rcd1 Qd8 25. Ra1 Rfe6 26. Ra7 c6 27. bxc6
Nxc6 28. Ra3 Re8 29. e3 Qe7 30. Ra4 Re6 31. Rd1 h6 32. Rd5 Qf6 33. Qc2 Qe7 34.
Qc4 Qf6 35. Qc2 Qe7 36. Qc4 Qf6 37. Qc2 Qe7 38. Qc4 1/2-1/2

[Event "66th ch-RUS HL w 2016"]
[Site "Kolomna RUS"]
[Date "2016.06.27"]
[Round "5.22"]
[White "Shaydullina, Sandugach"]
[Black "Makarenko, Alexandra"]
[Result "1/2-1/2"]
[WhiteTitle "WGM"]
[BlackTitle "WFM"]
[WhiteElo "2110"]
[BlackElo "2269"]
[WhiteFideId "4140389"]
[BlackFideId "4165055"]
[EventDate "2016.06.22"]

1. d4 Nf6 2. Nf3 c5 3. d5 g6 4. Nc3 Bg7 5. e4 d6 6. Bb5+ Nfd7 7. a4 O-O 8. O-O
Na6 9. Re1 Nc7 10. Be2 a6 11. Bf4 Rb8 12. a5 b5 13. axb6 Rxb6 14. Qc1 Nb5 15.
Na4 Rb7 16. Bh6 Nb6 17. Bxg7 Kxg7 18. c4 Nxa4 19. cxb5 axb5 20. b3 Nb6 21. Bxb5
Bd7 22. Ba6 Rb8 23. h4 Bg4 24. Nh2 Bc8 25. h5 f6 26. Re3 Ra8 27. Bd3 Rxa1 28.
Qxa1 gxh5 29. Rg3+ Kh8 30. Rg5 Qe8 31. Be2 h4 32. Rh5 h3 33. g4 Qg6 34. Rxh3
Qxe4 35. Bd3 Qxd5 36. Bxh7 Qg5 37. Qb1 Bxg4 38. Nxg4 Qxg4+ 39. Rg3 Qh4 40. Rg2
Qxh7 41. Rh2 Rg8+ 42. Kh1 Qxh2+ 43. Kxh2 Nd7 44. f4 Rg7 45. Qf5 Nf8 46. Qc8 Kg8
47. f5 Kf7 48. b4 cxb4 49. Qc4+ e6 50. Qc7+ Kg8 51. Qxd6 Rd7 52. Qxb4 exf5 53.
Qb5 Rh7+ 54. Kg2 Ng6 55. Qb8+ Kg7 56. Qc7+ Kg8 57. Qc8+ Kf7 58. Qc4+ Kf8 59.
Qc8+ Kg7 60. Qc7+ Kg8 61. Qc8+ Nf8 62. Qxf5 Rf7 63. Kf3 Nh7 64. Qg6+ Kf8 65. Kf4
Ng5 66. Kf5 Ke7 67. Qh5 Nh7 68. Qh6 Ke8 69. Qf4 Re7 70. Qc4 Kf8 71. Kg6 Rg7+ 72.
Kh6 Rf7 73. Kg6 Rg7+ 74. Kh6 Rf7 75. Kg6 1/2-1/2